Statistics for Criminal Minds Episodes

Click here to take the quiz!

General Stats

  • This quiz has been taken 29 times
  • The average score is 14 of 22

Answer Stats

Season 1Answer% Correct
1Extreme Aggressor
89%
22The Fisher King Part 1
81%
5Broken Mirror
67%
2Compulsion
67%
9Derailed
67%
6LDSK
67%
7The Fox
67%
11Blood Hungry
63%
8Natural Born Killer
63%
4Plain Sight
63%
18Somebody's Watching
63%
14Riding The Lightning
59%
16The Tribe
59%
3Wont Get Fooled Again
59%
17A Real Rain
56%
20Charm and Harm
56%
19Machismo
56%
13Poison
56%
21Secrets and Lies
56%
10The Popular Kids
56%
12What Fresh Hell?
56%
15Unfinished Business
52%

Score Distribution

Percentile by Number Answered

Percent of People with Each Score

Your Score History

You have not taken this quiz